Normal view
MARC view
Entry Geographic Name
001 - CONTROL NUMBER
- control field: 7834
003 - CONTROL NUMBER IDENTIFIER
- control field: OSt
005 - DATE AND TIME OF LATEST TRANSACTION
- control field: 20220802074500.0
008 - FIXED-LENGTH DATA ELEMENTS
- fixed length control field: 220802|| aca||aabn | a|a d
040 ## - CATALOGING SOURCE
- Original cataloging agency: OSt
- Transcribing agency: OSt
151 ## - HEADING--GEOGRAPHIC NAME
- Geographic name: Shan State (Burma)
- General subdivision: History
- Chronological subdivision: 20th century
670 ## - SOURCE DATA FOUND
- Source citation: Work cat.: (OSt)0: Sanda, 1928- Sao. 7831, The moon princess :, 2008.